Ignited minds: unleashing the power within India (Record no. 399874)

000 -LEADER
fixed length control field 00389cam a22001217a 4500
008 - FIXED-LENGTH DATA ELEMENTS--GENERAL INFORMATION
fixed length control field 180718b2002 xxu||||| |||| 00| 0 eng d
082 ## - DEWEY DECIMAL CLASSIFICATION NUMBER
Classification number A99 Ab31
100 ## - MAIN ENTRY--PERSONAL NAME
Personal name Kalam, A.P.J. Abdul
245 ## - TITLE STATEMENT
Title Ignited minds: unleashing the power within India
Statement of responsibility, etc. by A. P. J. Abdul Kalam
260 ## - PUBLICATION, DISTRIBUTION, ETC.
Place of publication, distribution, etc. New Delhi
Name of publisher, distributor, etc. Viking
Date of publication, distribution, etc. 2002
300 ## - PHYSICAL DESCRIPTION
Extent 203p.
650 ## - SUBJECT ADDED ENTRY--TOPICAL TERM
Topical term or geographic name entry element Abdul Kalam, A.P.J. - Criticism and interpretation
Holdings
Withdrawn status Lost status Damaged status Not for loan Permanent Location Current Location Date acquired Total Checkouts Full call number Barcode Date last seen Date last checked out Price effective from Koha item type
        Indian Institute of Public Administration Indian Institute of Public Administration 2002-09-03 2 A99 Ab31 77749 2021-08-05 2020-10-07 2018-07-21 Book
        Indian Institute of Public Administration Indian Institute of Public Administration 2002-08-11   A99 Ab31 77725 2018-07-21   2018-07-21 Book

Powered by Koha